Pays par invention - Statistiques

Statistiques générales
  • Ce quiz a été pris 77 fois
  • Le résultat moyen est 10 sur 20
Statistiques - réponses
Invention Année Pays % Correct
Démocratie ≈ 400 av. J-C Grèce
87%
Montgolfière 1783 France
78%
Papier ≈ 0 Chine
71%
Internet (ARPANET) 1969 États-Unis
70%
Cinématographe 1895 France
70%
Machine à vapeur 1769 Royaume-Uni
65%
Satellite artificiel 1957 URSS / Russie
65%
Impremerie à caractères mobiles ≈ 1450 Allemagne
60%
Avion motorisé 1903 États-Unis
54%
Paratonnerre 1752 États-Unis
52%
Ordinateur programmable 1943-1945 Royaume-Uni
49%
Bière ≈ 6000 av. J-C Irak (Mésopotamie)
44%
Dynamite 1867 Suède
43%
Échecs ≈ 500 Inde
35%
Batterie électrique 1800 Italie
35%
Boussole magnétique ≈ 1000 Chine
33%
QR code 1994 Japon
29%
Code binaire 1703 Allemagne
19%
Traitement par insuline 1921 Canada
14%
Stylobille (bille rotative) 1938 Hongrie
6%
Aucun quiz correspondant
Distribution des résultats
% des personnes avec chaque résultat
Percentile par nombre de réponses
Votre historique - résultats
Vous n’avez pas pris ce quiz